Statistics : A first course
Đã lưu trong:
| 主要作者: | |
|---|---|
| 格式: | 圖書 |
| 語言: | Undetermined |
| 出版: |
Boston, MA
McGraw-Hill
2000
|
| 主題: | |
| 標簽: |
添加標簽
沒有標簽, 成為第一個標記此記錄!
|
| Thư viện lưu trữ: | Trung tâm Học liệu Trường Đại học Cần Thơ |
|---|
| LEADER | 00536nam a2200205Ia 4500 | ||
|---|---|---|---|
| 001 | CTU_51963 | ||
| 008 | 210402s9999 xx 000 0 und d | ||
| 020 | |b 353000 | ||
| 020 | |c 117.19 | ||
| 082 | |a 519.5 | ||
| 082 | |b S215 | ||
| 100 | |a Donald H Sanders | ||
| 245 | 0 | |a Statistics : | |
| 245 | 2 | |b A first course | |
| 245 | 0 | |c Donald H. Sanders and Robert K. Smidt | |
| 260 | |a Boston, MA | ||
| 260 | |b McGraw-Hill | ||
| 260 | |c 2000 | ||
| 650 | |a mathematical statistics | ||
| 980 | |a Trung tâm Học liệu Trường Đại học Cần Thơ | ||